000 00381nam a22001457a 4500
005 20170406111052.0
008 170406b xxu||||| |||| 00| 0 eng d
020 _a978-81-203-2723-8
041 _aeng
100 _aBASU, S.K, SENGUPTA, S.N. AND AHUJA, B.B
_93837
245 _aFUNDAMENTAL OF TRIBIOLOGY
260 _aDELHI
_bPHI LEARNING PVT
_c2005
300 _a259
942 _cBK
999 _c5433
_d5431